| 000 | 00564nam a2200193 i 4500 | ||
|---|---|---|---|
| 001 | 82310 | ||
| 003 | ES-MaACL | ||
| 005 | 20250818042551.0 | ||
| 007 | t| | ||
| 008 | 041108s1974 sp ||||1| cat d | ||
| 245 | 0 | 0 |
_aIndustrialització i ruptura social / _cPierre Vilar ... [et al.]. |
| 260 |
_aBarcelona : _bAriel, _c[1974] |
||
| 300 |
_a250 p. ; _c22 cm. |
||
| 490 | 1 |
_aRecerques ; _v3 |
|
| 700 | 1 |
_aVilar, Pierre, _d1906-2003 _9114800 |
|
| 830 | 0 |
_aRecerques ; _v3 _9231585 |
|
| 852 |
_aES-MaACL _jC-56593 _bR.89440 |
||
| 999 |
_c82310 _d82310 |
||